Sacrae liturgiae praxis, juxta ritum romanum, in missae celebratione, officii recitatione et sacramentorum administratione servanda

Detalles Bibliográficos
Autor principal: HERDT, J. B. de
Formato: Libro
Publicado: Barcelona 1865
Edición:1a. ed.
Materias:
Colección:Banco de datos
Acervo:Biblioteca del Ex Convento de Nuestra Señora de Guadalupe. Zacatecas
Tema general:Liturgia
Notas:Buena. IV,6,28(1191). Ex libris impreso de fray Guadalupe de J. Alva; además otro con las iniciales F.F.G. en la hoja de título. Sin marca de fuego
LEADER 00897nam a22002050004500
035 |a 39120 
036 |a 304 
100 1 |a HERDT, J. B. de 
245 1 0 |a Sacrae liturgiae praxis, juxta ritum romanum, in missae celebratione, officii recitatione et sacramentorum administratione servanda 
250 |a 1a. ed. 
260 |a Barcelona  |b imp. Haeredis Pauli Riera  |c 1865 
500 |a Buena. IV,6,28(1191). Ex libris impreso de fray Guadalupe de J. Alva; además otro con las iniciales F.F.G. en la hoja de título. Sin marca de fuego 
650 1 0 |a Liturgia 
949 |a CRZ-CG 
959 |a Ex convento de Nuestra Señora de Guadalupe, Museo Regional de Zacatecas, Zacatecas  |b CCC4 
960 |a Convento de Nuestra Señora de Guadalupe, Zacatecas  |b DD87 
961 |a Franciscana  |b OF 
942 |c CRZ-CG 
943 |g Biblioteca del Ex Convento de Nuestra Señora de Guadalupe. Zacatecas 
999 |c 963247  |d 963247